[Event "Nancy Meurthe op 11th"]
[Site "Nancy"]
[Date "2013.03.09"]
[Round "2"]
[White "Bacrot, Etienne"]
[Black "Calvi, Denis"]
[Result "1-0"]
[WhiteElo "2705"]
[BlackElo "1703"]
[PlyCount "93"]
[EventDate "2013.03.09"]
[EventType "swiss (rapid)"]
[EventRounds "9"]
[EventCountry "FRA"]
[SourceTitle "CBM 153 Extra"]
[Source "ChessBase"]
[SourceDate "2013.04.22"]
[SourceVersion "1"]
[SourceVersionDate "2013.04.22"]
[SourceQuality "1"]

1. d4 d5 2. c4 c6 3. Nf3 e6 4. Qc2 f5 5. Bf4 Bd6 6. Bxd6 Qxd6 7. Nc3 Nf6 8. e3 0-0 9. Be2 Ne4 10. 0-0 Nd7 11. Rac1 Ndf6 12. Ne5 Nxc3 13. bxc3 Ne4 14. f3 Ng5 15. c5 Qe7 16. f4 Ne4 17. Rb1 Rf6 18. Bd3 Rh6 19. g3 Nf6 20. Rb2 Qe8 21. Qg2 Qh5 22. Rfb1 Ng4 23. Be2 Nxe3 24. Bxh5 Nxg2 25. Bf7+ Kf8 26. Kxg2 Rf6 27. Bh5 g6 28. Be2 Kg7 29. a4 a6 30. Rb6 Ra7 31. h3 h6 32. Rf1 Rf8 33. g4 Re8 34. h4 Re7 35. Kg3 Rc7 36. Bd3 Re7 37. Re1 Rc7 38. Kf2 Re7 39. gxf5 exf5 40. Rg1 Kh7 41. Nxg6 Re8 42. h5 Be6 43. Rgb1 Bc8 44. Nh4 Rf8 45. Re1 Rf7 46. Re5 Ra8 47. Re8 1-0